Počítačová podpora procesov objemového tvárnenia

Salvato in:
Dettagli Bibliografici
Autore principale: Manca, Štefan, 1990- (Autore)
Altri autori: Kapustová, Mária, 1959- (Relatore della tesi)
Natura: Manoscritto Libro
Lingua:slovacco
Pubblicazione: Trnava : STU v Bratislave MTF UVTE, 2012
Soggetti:
Accesso online:VAIS
Tags: Aggiungi Tag
Nessun Tag, puoi essere il primo ad aggiungerne!!

MARC

LEADER 00000ntm a22000003a 4500
001 stu251258
005 20150617230202.5
008 120719s2012----xo------------------slo-d
040 |a STU  |b slo 
041 0 |a slo 
044 |a xo 
100 1 |a Manca, Štefan,  |d 1990-  |4 aut  |u M  |T MTF Materiálovotechnologická fakulta  |X 66092  |U M  |Y 60  |7 A000066092 
242 0 0 |a Computer aided processes of bulk forming  |y eng 
245 1 |a Počítačová podpora procesov objemového tvárnenia 
260 |a Trnava :  |b STU v Bratislave MTF UVTE,  |c 2012 
300 |a 48s  |c CD ROM 
650 7 |a počítačová podpora výrobných technológií  |2 stusub 
650 7 |a Computer-Aided Production Technologies  |2 estusub 
650 7 |a CA systémy  |2 stusub 
700 1 |a Kapustová, Mária,  |d 1959-  |4 ths  |u M3000  |U MTF Materiálovotechnologická fakulta  |T MTF Ústav výrobných technológií  |X 209  |U M3000  |Y 83  |7 A000000209 
856 4 |a info a plný text  |u http://is.stuba.sk/zp/portal_zp.pl?podrobnosti=66171  |3 VAIS 
996 |c M*BP-6044  |l MMSKP  |s P  |a 0  |w stu251258_0001